00355nam a22001217a 4500003000400000082001800004100002300022245008400045260005100129300000900180502001500189650002900204OSt a635.642bP74G aPrasad, Ramanandan aGenetic Variability and Path Analysis in Tomata (lycopersicum aseslentun Mill.) aPusa, SamastipurbBAU, Sabour, RAU, Pusac1989 a77P. bMsc.d1989 aVegetable & Floriculture